[Event "Aars"]
[Site "Aars"]
[Date "1995.??.??"]
[Round "1"]
[White "Kristensen, Jorgen Juul"]
[Black "Hansen, Curt"]
[Result "1-0"]
[WhiteElo "2335"]
[BlackElo "2635"]
[Annotator "Tisdall,J"]
[PlyCount "81"]
[EventDate "1995.10.??"]
[EventType "tourn"]
[EventRounds "9"]
[EventCountry "DEN"]
[EventCategory "9"]
[SourceTitle "CBM 050"]
[Source "ChessBase"]
[SourceDate "1996.02.01"]
[SourceVersion "1"]
[SourceVersionDate "1996.02.01"]
[SourceQuality "1"]

{It didn't take long for the tournament sensation to register. On the first
day, "local boy" JJ Kristensen sat down opposite tournament favorite, super-GM
and Nordic champion Curt Hansen. This is what happened.} 1. e4 c5 2. Nf3 d6 3.
d4 cxd4 4. Nxd4 Nf6 5. Nc3 a6 6. Be2 {A nice solid choice, especially with the
recent Anand-Kasparov games fresh in memory.} e6 7. O-O Be7 8. f4 O-O 9. Be3
Qc7 10. Kh1 {White chooses to omit the fashionable a4 and so leads the game
into older, and potentially wilder, variations. The uncompromising} (10. g4 $5
{led to a brilliant white win in Shirov-Anand, Buenos Aires 1994.}) 10... b5
11. Bf3 {Although this often transposes, the immediate} (11. e5 $5 {gives
white some violent options that have been somewhat forgotten:} dxe5 12. fxe5
Nfd7 13. Bf4 $5 (13. Nf5 $5 Nxe5 (13... exf5 14. Nd5 Qd8 15. Nxe7+ Qxe7 16. Bf3
Nxe5 17. Bxa8 Nbc6 18. Bf4 {led to a surprisingly swift white win in
Bellon-Andersson, Pula 1975.}) 14. Bf4 exf5 15. Bf3 Ra7 16. Nd5 Qd6 17. Bxe5
Qxe5 18. Re1 Qxb2 19. Nxe7+ Rxe7 20. Rxe7 Be6 {gave white a small advantage in
Barle-Ribli, Vrbas 1977. the aggressive twist of placing the white bishop on
d3 might be worth reviving as well:}) 13... Bb7 14. Bd3 Nc5 15. Qg4 b4 16. Bh6
Qxe5 17. Rae1 f5 18. Nxf5 {and white was winning in Borm-Ermenkov, Amsterdam
II 1985. I'm having a hard time trying to understand why this line ever went
out of fashion for white. I believe 10...Nbd7 was a remedy for a while, but
this leads to quite different types of position than those popularized by
Kasparov - something for the theoreticians to work out.}) 11... Bb7 12. e5 dxe5
13. fxe5 Nfd7 14. Bf4 {The more aggressive method of defending e5 is} (14. Bxb7
Qxb7 15. Qh5 {. This led to another whirlwind white win after} b4 16. Nce2 g6
17. Qh3 Nxe5 18. Nxe6 Re8 19. Bd4 $5 Nbc6 20. Qh6 $1 fxe6 21. Rf7 $1 {in
Blumenfeld,R-Voelker, corr. 1987.}) 14... Nc6 15. Nxc6 Bxc6 16. Qe2 Rac8 17.
Rad1 Nb6 (17... Nc5 {looks like a very solid alternative.}) 18. Ne4 {Although
the position is a long way from being clear, I would feel slightly negligent
as black allowing this move.} Kh8 19. c3 Bd5 20. Nd6 Bxd6 21. exd6 Qd7 22. Bxd5
Nxd5 23. Bg3 {A very interesting position, a bit reminiscent of one of the
Sozin Najdorf variations. It is difficult for white to use his d-pawn but the
tension accumulates as black tries to improve his position.} Rc4 24. Rde1 Kg8
25. h3 h6 26. Rf3 Rfc8 27. Bh2 {White was drifting into severe time pressure,
but he is not just simply biding his time. His last move clears the third rank
for possible kingside probing. It is not easy for black to do anything without
opening lines for white, but with several hundred extra rating points and a
lot of time on the clock, Curt must go forward.} a5 28. Qe5 {Intending Rg3.}
Re8 29. Rd3 (29. Rg3 {looks like still being worth a poke. Black's last move
apparently prepared to answer this with f6, but I prefer white after} f6 30.
Qh5 Kh8 31. Rd3 {Here there is an interesting possibility:} Nf4 32. Bxf4 Rxf4
33. Qxe8+ $5 Qxe8 34. d7 Qd8 35. Rxe6 Rf1+ 36. Kh2 Kh7 37. Rdd6 f5 $1 38. Re8
Qg5 39. Rh8+ Kxh8 40. d8=Q+ Qxd8 41. Rxd8+ Kh7 42. Rd5 {with clear advantage
for white.}) 29... Ne7 {There were other ways to meet the threat of Rxd5, but
black hopes to find a better post for the knight. However, leaving d5
sacrifices much of the solidity of black's position.} 30. Qe2 Ng6 (30... Nc8 $5
{to prevent Rd4 and prepare ...f6,e5, deserved attention.}) 31. Rd4 $1 {
A good move, shifting one of black's most active pieces and trying to counter
the plan of f6/e5 cutting off the pawn d6.} Rxd4 $2 {After this black goes
downhill on wheels. he had to try} (31... Rc5 {though I still prefer white
after} 32. Qd3 {.}) 32. cxd4 Rc8 33. Qd2 {White's flag is hanging but now
things are very easy for him. The d6 pawn is strong, the Ng6 is terribly
placed, and there are easy avenues for invasion on the c-file.} a4 34. Rc1 Rc6
$2 (34... Rxc1+ 35. Qxc1 f6 36. Qc5 {is nasty for black, who is passive and
must beware of things like a king march to b4. Nevertheless, this seems to
offer better chances to fight.}) 35. Rc5 $1 {Black's weak queenside pawns are
trembling but the real threat is to double on the c-file.} Nf8 36. Qc3 {
Giving black a grim choice between connecting white's pawns or completely
surrendering the c-file.} Rb6 37. Rc7 b4 {Black still has to check if white
can physically reach move 40.} 38. Qc5 Qb5 39. Rc8 Qf1+ 40. Bg1 Rb5 {Now white
had more time than he needed...} 41. Rxf8+ 1-0

[Event "FRM-chT"]
[Site "Struga"]
[Date "2002.09.16"]
[Round "2"]
[White "Tiviakov, Sergei"]
[Black "Ermenkov, Evgenij"]
[Result "1-0"]
[WhiteElo "2628"]
[BlackElo "2471"]
[Annotator "Tiviakov,S"]
[PlyCount "53"]
[EventDate "2002.09.15"]
[EventType "team"]
[EventRounds "1"]
[EventCountry "MKD"]
[SourceTitle "CBM 091"]
[Source "ChessBase"]
[SourceDate "2002.11.12"]
[SourceVersion "1"]
[SourceVersionDate "2002.11.12"]
[SourceQuality "1"]

1. e4 c5 2. Nf3 d6 3. d4 Nf6 4. Nc3 cxd4 5. Nxd4 a6 6. Be3 e6 7. Be2 Qc7 8. Qd2
b5 9. a3 Nbd7 10. O-O-O Bb7 11. f3 d5 12. exd5 Nxd5 13. Nxd5 Bxd5 14. Rhe1 $1 (
14. Kb1 Nf6 (14... Qb7 15. Nf5 Nf6 16. Bg5 Rg8 17. Rhe1 O-O-O 18. Qc3+ Qc7 19.
Qxc7+ Kxc7 20. Ne3 Bc6 21. Rxd8 Kxd8 22. c4 b4 23. Rd1+ Kc7 24. Bf4+ Kb7 25.
axb4 Bxb4 26. Nc2 Be7 27. b4 Ba4 28. Bd6 Re8 29. Kb2 Bxc2 30. Kxc2 Nd5 31. Bxe7
Ne3+ 32. Kb3 Rxe7 33. Rg1 a5 34. bxa5 Kc6 35. Kc3 Kc5 36. g3 Ra7 37. Ra1 Ra6
38. Bd3 f5 39. Re1 f4 40. gxf4 Ng2 41. Re5+ {1-0 Cabello Aguilar,E-Aguera
Naredo,J/Asturias 1999/EXT 2001 (41)}) 15. g4 Bc4 16. Bf4 Qb6 17. Be5 Nd5 18.
Rhe1 O-O-O 19. Bd3 Bc5 20. Nb3 Bf2 21. Rf1 Bxd3 22. cxd3 Be3 23. Qc2+ Kb7 24.
d4 f6 25. Bg3 Ka7 26. Rfe1 g6 27. Qd3 Bh6 28. Re2 Rhe8 29. Rc2 Rc8 30. Re1 Rxc2
31. Qxc2 Bf8 32. Rc1 Bd6 33. Qc6 Rd8 34. Bxd6 Rxd6 35. Qe8 Qd8 36. Qxd8 Rxd8
37. Rc6 Nf4 38. Nc5 Rxd4 39. Rxa6+ Kb8 40. Nxe6 Nxe6 41. Rxe6 Rf4 42. Rb6+ Ka7
43. Rxb5 Rxf3 44. Rc5 Kb6 45. Rc3 Rf4 46. h3 f5 47. gxf5 Rxf5 48. Ka2 Kb5 49.
Rb3+ Ka5 50. Rb4 Rf3 51. h4 h5 52. Re4 Rg3 53. Re5+ Kb6 54. a4 Rh3 55. Re4 Ka5
56. b3 Rh1 57. Kb2 Rg1 58. Re5+ Kb6 59. Ka3 Rg4 60. Re6+ Kc5 61. Rf6 Rxh4 62.
Rxg6 Rh1 63. Rg5+ Kb6 64. a5+ Kc6 65. Ka4 h4 66. Rg6+ Kc7 67. Rh6 h3 68. Kb5 h2
69. b4 Kd7 70. Rh7+ {1-0 Adams,M-Topalov,V/New Delhi/Theran 2000/CBM 80/Inf 80/
232}) (14. Nf5 $5 {Adams,M}) 14... Rc8 15. Bf4 (15. Kb1 Ne5 $5 16. Bf4 f6 $1 (
16... Nc4 $2 17. Bxc7 Nxd2+ 18. Rxd2 Rxc7 19. Nxb5 $1 Rd7 (19... axb5 20. Rxd5
$1 exd5 21. Bxb5+ Kd8 22. Re8# {64/(236)}) 20. Nc3 Bb7 21. Red1 Rxd2 22. Rxd2
Bc5 23. b4 Bg1 24. h3 $18 {Nevednichy,V-Nisipeanu,L/Romania 1995/Inf 64/(236) 
[Nevednichy,V]}) 17. Bxe5 (17. Nf5 $13 {64/(236)}) 17... fxe5 18. Nb3 Be7 $1
19. Bd3 O-O $10 {64/(236)}) 15... Qb7 $146 (15... Qb6 16. Bxb5 $1 (16. Nf5 g6
17. Bf1 $36 Qc5 18. b4 Qc6 19. Nd4 Qb7 20. Nxb5 Bb3 21. Nd4 Ba4 22. Nxe6 fxe6
23. Rxe6+ Kf7 24. Bxa6 Bxb4 25. axb4 Qa8 26. Qd6 Rhe8 27. Rxe8 Rxc2+ 28. Kb1
Qxe8 29. Qd5+ Kg7 30. Qd4+ Nf6 31. Bg5 Rc6 32. Bxf6+ Rxf6 33. Rc1 Qe7 34. g4
Kh6 35. h4 Rxf3 36. g5+ Kh5 37. Rg1 Qe6 38. Be2 Bc6 39. Bxf3+ Bxf3 {0-1
Kolesnik,E-Dydyshko,V/Minsk 2001/CBM 81 ext (39)}) 16... axb5 17. Nxe6 fxe6 18.
Qxd5 Nc5 $8 19. Qh5+ (19. b4 Qa6 20. Re3 Be7 (20... Qxa3+ 21. Rxa3 exd5 22.
bxc5 Bxc5 23. Rad3 $16) 21. Qh5+ g6 22. Qe5 O-O $13) 19... g6 20. Qe5 Rg8 21.
b4 Qa6 (21... Nd7 22. Qd5 $18) (21... Bg7 22. Qe3 $18) (21... Nb7 22. Qd5 Kf7
23. Qd7+ Be7 24. Rd6 $18) 22. bxc5 (22. Re3 $5) 22... Qxa3+ 23. Qb2 $16) 16.
Kb1 $5 (16. Nf5 Bb3 $140 17. Ne3 Nf6 18. Kb1) 16... Nb6 (16... b4 17. a4) (
16... Bc5 17. Nf5 O-O 18. Bd6 $16) (16... Nf6 17. Nf5 $36) 17. Nf5 $36 {
(/\Bd6, /\Nd6, /\Be5, /\Qd4)} Qc6 (17... Rd8 18. Qc3) 18. Be3 $5 Rd8 (18... Nc4
19. Bxc4 Qxc4 20. b3 Qc6 21. Bd4 f6 22. Bb2 $16) 19. Qa5 (19. Bd4 $5) 19... Nc4
20. Bxc4 Qxc4 21. b3 Qc6 (21... Qc8 $5 $16) 22. Bd4 f6 (22... Rg8 23. Bb2 $16)
23. Bb2 Bc5 $2 (23... Qc8 $8 $16) (23... Be7 24. Nxg7+ Kf7 25. Nh5 Bxf3 $140
26. gxf3 Rxd1+ 27. Rxd1 Qxf3 28. Rd7 Qxh5 29. Rxe7+ $18) 24. Rxe6+ $1 (24.
Nxg7+ Kf7 25. Nxe6 $18) 24... Bxe6 (24... Qxe6 25. Nxg7+) 25. Qxd8+ Kf7 26.
Nh6+ gxh6 27. Qxf6+ 1-0

[Event "New York op"]
[Site "New York"]
[Date "1996.??.??"]
[Round "6"]
[White "Garcia, Gildardo"]
[Black "Van Wely, Loek"]
[Result "0-1"]
[WhiteElo "2525"]
[BlackElo "2570"]
[Annotator "Van Wely,L"]
[PlyCount "113"]
[EventDate "1996.05.??"]
[EventType "swiss"]
[EventRounds "9"]
[EventCountry "USA"]
[SourceTitle "EXT 1999"]
[Source "ChessBase"]
[SourceDate "1998.11.16"]
[SourceVersion "1"]
[SourceVersionDate "1998.11.16"]
[SourceQuality "1"]

1. e4 c5 2. Nf3 d6 3. d4 cxd4 4. Nxd4 Nf6 5. Nc3 a6 6. Be2 e6 7. O-O Be7 8. f4
O-O 9. Kh1 Qc7 10. Bd3 Nc6 11. Nf3 b5 12. Qe1 Bb7 (12... Nd7 13. Nd5 $6 (13.
Qg3 $5 Nb4 $13) 13... exd5 14. exd5 Nc5 15. dxc6 Bf6 $11) 13. e5 (13. Qg3 Nb4)
13... dxe5 14. fxe5 Nd7 15. Qg3 f5 $1 16. Bh6 (16. exf6 $6 Qxg3) 16... Bf6 $3 (
16... Rf7 $2 17. Bxf5 exf5 18. Nd5 Qb8 19. Bf4 $1 {/\ 20.e6}) 17. Rae1 (17.
Bxf5 exf5 18. Nd5 Bxe5 $1 19. Nxc7 (19. Nf6+ Nxf6 (19... Bxf6 20. Qxc7) (19...
Rxf6 20. Qxg7#) (19... Kf7 20. Qxg7+ Ke6 21. Ng5+ Kd6 22. Rad1+ Nd4 23. Qxd7+
Qxd7 24. Nxd7 Kxd7 25. Bxf8 Rxf8 26. c3 $18)) 19... Bxg3 20. Nxa8 gxh6 21. hxg3
Bxa8 $17) (17. Bxb5 Ndxe5 (17... axb5) 18. Bxc6 Qxc6) 17... Ncxe5 18. a3 Bxf3 (
18... Rae8 $142) 19. Rxf3 Kh8 (19... Qc6 $1 20. Rfe3 Rae8 $17) 20. Bf4 Qc5 21.
Rfe3 Nxd3 22. Rxd3 Qc8 23. Bg5 Bxg5 24. Qxg5 Nf6 25. Rd6 Re8 26. h3 Qc4 27. Qe3
h6 28. Qe5 Re7 29. Red1 Kh7 30. Kh2 Qc7 31. Re1 Nd7 32. Qg3 Nf8 33. Rd4 Qb7 34.
Red1 Ng6 $6 (34... a5 $5 {/\ b5-b4}) (34... Rc8 $5) 35. Rd6 Rc8 36. Nd5 Rxc2
37. Nxe7 Qxe7 38. R1d2 Rxd2 39. Rxd2 e5 40. Qf3 Qf6 41. Rf2 Nh4 42. Qd5 e4 43.
Rc2 Qg5 44. Qd2 f4 45. Qb4 Qg6 (45... Qg3+ 46. Kh1 Qd3) 46. Qe7 e3 47. Qxh4 f3
$3 (47... Qxc2 48. Qxf4 e2 49. Qe3) 48. Qg3 Qxc2 49. Qxf3 Qc7+ 50. Kg1 Qe5 51.
Kf1 a5 52. Ke1 $6 (52. b4 $142 $8) 52... a4 (52... b4) 53. g4 Kg8 54. h4 Qc3+
55. Ke2 Qb3 56. Qg2 g6 57. Qa8+ 0-1

[Event "Balatonbereny Artia op"]
[Site "Balatonbereny"]
[Date "1984.09.28"]
[Round "3"]
[White "Vogt, Lothar"]
[Black "Poloch, Petr"]
[Result "1-0"]
[WhiteElo "2485"]
[BlackElo "2365"]
[Annotator "Vogt,L"]
[PlyCount "61"]
[EventDate "1984.09.26"]
[EventType "swiss"]
[EventRounds "11"]
[EventCountry "HUN"]
[SourceTitle "EXT 2013"]
[Source "ChessBase"]
[SourceDate "2012.11.22"]
[SourceVersion "1"]
[SourceVersionDate "2012.11.22"]
[SourceQuality "1"]

1. e4 c5 2. Nf3 d6 3. d4 Nf6 4. Nc3 cxd4 5. Nxd4 a6 6. Be2 e6 7. f4 Qc7 8. O-O
Be7 9. Kh1 O-O 10. a4 Rd8 11. Qe1 (11. Bd3) 11... Nbd7 (11... Nc6) 12. Bf3 Nf8
13. Be3 Bd7 $6 (13... Ng6) 14. g4 Be8 15. g5 N6d7 16. Bg2 Rdc8 17. Qf2 Rab8 18.
Rad1 Nc5 19. f5 b5 (19... Nxa4 20. fxe6 fxe6 21. Bh3 $1 Nxc3 22. Nxe6 $18) 20.
axb5 axb5 21. f6 Bd8 22. fxg7 Kxg7 (22... Ng6 23. h4) 23. Qh4 $18 Kg8 24. Qh6
Be7 25. Nf5 exf5 26. Nd5 Qd8 27. Nf6+ Bxf6 (27... Kh8 28. Nxe8 Qxe8 29. Bd4+ f6
30. gxf6 $18) 28. gxf6 Nce6 29. exf5 Rxc2 30. fxe6 Rxg2 31. Qxf8+ (31. e7 Bc6
$1) 1-0

[Event "Belgrade RAD 30"]
[Site "Belgrade"]
[Date "1977.01.23"]
[Round "7.7"]
[White "Velimirovic, Dragoljub"]
[Black "Weinstein, Norman"]
[Result "0-1"]
[WhiteElo "2525"]
[BlackElo "2475"]
[Annotator "Weinstein,N"]
[PlyCount "80"]
[EventDate "1977.01.15"]
[EventType "tourn"]
[EventRounds "13"]
[EventCountry "SRB"]
[EventCategory "9"]
[SourceTitle "EXT 2010"]
[Source "ChessBase"]
[SourceDate "2010.11.25"]
[SourceVersion "1"]
[SourceVersionDate "2010.11.25"]
[SourceQuality "1"]
[TimeControl "40/9000:16/5400:0"]

1. e4 c5 2. Nf3 Nc6 3. d4 cxd4 4. Nxd4 e6 5. Nc3 Qc7 6. Be2 a6 7. f4 d6 8. Be3
Nf6 9. Qd2 Be7 10. O-O-O O-O 11. g4 Nxd4 12. Qxd4 $146 (12. Bxd4 b5 13. g5 Nd7
14. f5 b4 15. Na4 Qa5 16. f6 Bd8 17. b3 Bb7 18. fxg7 Re8 19. h4 Bxe4 20. Rhf1
Ne5 21. Nc5 Bg6 22. h5 Bf5 23. g6 Qxa2 24. Rxf5 exf5 25. Qh6 fxg6 26. hxg6 hxg6
27. Qh8+ Kf7 28. Qxe8+ {1-0 (28) Petkevich,J-Lerner,K Kaliningrad 1973}) 12...
b5 13. f5 e5 14. Qd3 b4 15. Nd5 Nxd5 16. exd5 Bd7 (16... a5 $1 {[%cal Gc8a6,
Ga5a4,Ga6d3]}) 17. Qe4 Bb5 18. Rd2 Rfc8 19. Kb1 Bxe2 20. Rxe2 Rab8 21. g5 Qc4
22. Qg2 a5 23. g6 fxg6 24. fxg6 hxg6 25. Rg1 g5 26. h4 a4 27. b3 axb3 28. axb3
Qa6 29. Bc1 Ra8 30. Bb2 Qa2+ 31. Kc1 Qxb3 32. Qg4 Qxd5 33. hxg5 b3 34. g6 Rc4
35. Qh3 Rh4 36. Qf5 Rf8 37. Qd7 Rh1 38. Ree1 Bg5+ 39. Kb1 bxc2+ 40. Kxc2 Rxg1
0-1